000 00414nam a2200169Ia 4500
005 20240823042625.0
008 240823s9999||||xx |||||||||||||| ||und||
041 _aENGLISH
082 _A621.4022 P7
100 _aSenthil S
245 0 _aHeat and Mass Transfer
250 _a5th
260 _c2007
_b"A R,Arapakkam,Tamil "
500 _aTRANSFERED
650 _aHeat
_bAeronautical Engineering
942 _cBK
999 _c208312
_d208312